000 00881nas a2200301 4500
001 BR2011006473
003 BR-BrBNA
005 20231205115658.0
007 ta
008 230509b bl.|||p| |||| 00| 00por d
040 _aBR-BrBNA
_bpor
_cBiblioteca Nacional de Agricultura
041 _a(Pt)
072 _aF03
100 1 _aBertolini, M.F.
100 1 _aKoehler, H.S.
100 1 _aZuffellato-Ribas, K.C.
100 1 _aMalavasi, M. de M.
100 1 _aFortes, A.M.T.
245 1 _aSuperação de dormência em sementes de Gleditschia amorphoide Taub.
650 _aSUCARÁ
650 _aGLEDISTSCHIA AMORPHOIDES
650 _aSEMENTE
650 _aGERMINAÇÃO
650 _aDORMÊNCIA
773 0 _tCiência Rural (Brazil)
_xISSN 0103-8478
_g(May 2011), v. 41(5) p. 823-827
_wBR2011006473
909 _a202311
_bLúcia
_c55
_dLúcia Elande
942 _2AGRIS
_n0
_cANA
999 _c215195
_d215195